ბათუმის შოთა რუსთაველის სახელმწიფო უნივერსიტეტის ბიბლიოთეკა

ხალხური მედიცინის ენციკლოპედია (ბიბ.ჩანაწერი № 34513)

000 -LEADER
fixed length control field 00627nam a2200205Ia 4500
001 - CONTROL NUMBER
control field 263
003 - CONTROL NUMBER IDENTIFIER
control field GE_BSU
008 - FIXED-LENGTH DATA ELEMENTS--GENERAL INFORMATION
fixed length control field 181216s||||||||xx |||||||||||||| ||und||
040 ## - CATALOGING SOURCE
Transcribing agency GE_BSU
080 ## - UNIVERSAL DECIMAL CLASSIFICATION NUMBER
Universal Decimal Classification number 615.89(031)
100 ## - MAIN ENTRY--PERSONAL NAME
Personal name ქვათაძე, ვ.ლ.
245 ## - TITLE STATEMENT
Title ხალხური მედიცინის ენციკლოპედია
245 ## - TITLE STATEMENT
Statement of responsibility, etc. რედ.ნ.სახვაძე
260 ## - PUBLICATION, DISTRIBUTION, ETC.
Place of publication, distribution, etc. თბილისი
260 ## - PUBLICATION, DISTRIBUTION, ETC.
Date of publication, distribution, etc. 207
300 ## - PHYSICAL DESCRIPTION
Extent 224გვ.
653 ## - INDEX TERM--UNCONTROLLED
Uncontrolled term ხალხური მედიცინის ენციკლოპედია
942 ## - ADDED ENTRY ELEMENTS (KOHA)
Koha item type წიგნი
ეგზემპლარები
Withdrawn status Lost status Damaged status Not for loan Date acquired Barcode Date last seen Price effective from Koha item type Public note
        2018-12-17 2334 2018-12-17 2018-12-17 წიგნი საცავი
        2018-12-17 2335 2018-12-17 2018-12-17 წიგნი საცავი
        2018-12-17 2336 2018-12-17 2018-12-17 წიგნი საცავი
        2018-12-17 2337 2018-12-17 2018-12-17 წიგნი საცავი
        2018-12-17 2338 2018-12-17 2018-12-17 წიგნი საცავი